000 00595nam a2200205Ia 4500
005 20250923145802.0
008 008 250917s9999 xx 000 0 eng d
037 _aTextual
040 _aDSWL
_beng
_cDSWL
041 _aeng
_2eng
084 _aYX,zc;5-22.2, N88
_qDSWL
100 _aMani, D.R.
_9838894
245 4 _aThe physically handicapped in India: policy and programmer
_cby D.R.Mani
260 _aNew Delhi
_bAshish
_c1988
300 _axvi,224p.
365 _aINR
_b150.00
925 _g150.00
942 _cTEXL
_hYX,zc;5-22.2, N88
999 _c1455676
_d1455676